Think global go rural / (Record no. 81872)

MARC details
000 -LEADER
fixed length control field 00571nam a22001937a 4500
005 - DATE AND TIME OF LATEST TRANSACTION
control field 20140116103630.0
010 ## - LCCN (DPL NO)
LC control number ENG-109092
020 ## - INTERNATIONAL STANDARD BOOK NUMBER
International Standard Book Number 9788174468369
Terms of availability 695.00
035 ## - SYSTEM CONTROL NUMBER
System control number EN-92625
037 ## - SOURCE OF ACQUISITION
Source of stock number/acquisition DBAD/PUB
082 ## - DEWEY DECIMAL CLASSIFICATION NUMBER
Classification number 381.800954
245 ## - TITLE STATEMENT
Title Think global go rural /
Statement of responsibility, etc edited by K V Kannan
260 ## - PUBLICATION, DISTRIBUTION, ETC. (IMPRINT)
Place of publication, distribution, etc New Delhi
Name of publisher, distributor, etc Excel Books
Date of publication, distribution, etc 2011
270 ## - ADDRESS
Address A- 45, Naraina, Phase 1
City New Delhi
Postal code 110028
300 ## - PHYSICAL DESCRIPTION
Extent xvi,539p.
Dimensions 24cm(pbk)
500 ## - GENERAL NOTE
General note Includes bibliographical references
700 ## - ADDED ENTRY--PERSONAL NAME
Personal name Kannan,K.V.
942 ## - ADDED ENTRY ELEMENTS (KOHA)
Source of classification or shelving scheme Dewey Decimal Classification
Item type English Books
Call number suffix THI
Classification part 381.800954
Holdings
Withdrawn status Lost status Not for loan Collection code Home library Current library Date acquired Source of acquisition Cost, normal purchase price Full call number Barcode Copy number Cost, replacement price Koha item type
    Not For Loan Non-fiction D.B.Act.Division D.B.Act.Division 15/01/2014 DBAD/PUB 695.00 381.800954 THI EN-92625 1 695.00 English Books

© Delhi Public Library
Hit Counter
free hit counter